Plazmaferéza a zlato v liečbe ťažkého prípadu pemphigus vulgaris

Bibliographic Details
Main Authors: Jánoška, Viliam (Author), Buchvald, Jozef, 1933- (Author), Fehérvízyová, Eva (Author), Filová, A. (Author)
Format: Article
Language:Slovak
PhysicalDescription:Res. angl., lit. 11 zázn. v angl., češ.
ISSN:0009-0514
Subjects:

MARC

LEADER 00000nab a2200000 a 4500
001 vtls000526956
003 SK-MaSNL
005 20260304090943.0
008 250425c1994 xo 0 slo
015 |a SNBRB19rr/mm-uuuuu 
035 |a CL0527094 
035 |a urn:nbn:sk:snk-abalki 
035 |a (urnnbn)urn:nbn:sk:snk:ar-007q9c 
035 |a (uuid)a27f4f1f-2af6-4a9c-8e00-761cc700f2aa 
040 |a SNKBUCL  |b slo  |c SNKBUCL  |e AACR2 
041 0 |a slo 
044 |a xo  |c SK 
080 |a 616.5-002.1  |2 1981 
245 0 0 |a Plazmaferéza a zlato v liečbe ťažkého prípadu pemphigus vulgaris  |c Viliam Jánoška ... [et al.] 
300 |b Res. angl., lit. 11 zázn. v angl., češ. 
650 0 7 |a pemphigus vulgaris  |2 snkbucl  |9 1078856 
650 0 7 |a plazmaferéza  |2 snkbucl  |9 18391 
650 0 7 |a zlato  |2 snkbucl  |9 17575 
655 7 |a články z novín a časopisov  |2 snkbucl  |9 267496 
700 1 |a Jánoška, Viliam  |4 aut  |9 1382680 
700 1 |a Buchvald, Jozef,  |d 1933-  |4 aut  |9 189218 
700 1 |a Fehérvízyová, Eva  |4 aut  |9 233914 
700 1 |a Filová, A.  |4 aut  |9 862054 
773 0 |t Česko-slovenská dermatologie  |g Roč. 69, č. 2 (1994), s. 91-92  |x 0009-0514 
850 |a Slovenská národná knižnica 
852 |a Slovenská národná knižnica 
954 |a odborná, vedecká literatúra pôvodná (slovenská)  |2 lita 
958 |a article14 
958 |a RK 
958 |a MI 
958 |a NB 
958 |a OND 
958 |a EUIPO 
992 |a RBX 
999 |c 2813462  |d 2815392